000 00659nam a22001697a 4500
008 110525t xxu||||| |||| 00| 0 eng d
050 _aBS2765
_b .K66 1935
100 _aKnox, John
245 _aPhilemon among the letters of Paul; a new view of its place and importance.
_cby John Knox
250 _aRev. ed
260 _aNew York
_bAbingdon
_c©1959
300 _a110 p. ;
_c20 cm.
650 _2Bible
_aN.T
_vPhilemon
_xIntroductions
650 _aPaul
_v(de Tarse ; saint)
_x''Bible. NT. Philémon"
942 _2lcc
_cBK
999 _c38494
_d38494